[Event "Oregon Senior Open"]
[Site "Portland"]
[Date "2022.05.15"]
[Round "4"]
[White "Gibbins, Wilson"]
[Black "Bjorksten, Lennart"]
[Result "1-0"]
[WhiteElo "2215"]
[BlackElo "2111"]
[Annotator "Wilson Gibbins"]
[PlyCount "111"]
[EventDate "2022.05.13"]
[EventType "swiss"]
[EventRounds "5"]
[EventCountry "USA"]
[SourceVersionDate "2022.05.09"]

{[%evp 0,111,27,-20,-16,3,4,-30,-23,-63,-27,-44,-40,-8,13,15,19,14,45,24,42,46,
52,26,26,9,32,30,106,81,81,81,83,100,94,88,84,76,77,64,75,63,70,57,50,31,59,22,
65,65,67,72,91,82,87,91,93,99,116,87,91,87,87,0,0,0,68,73,106,106,106,106,101,
103,103,103,139,139,147,176,176,126,186,186,186,186,229,184,176,176,164,164,
172,180,183,170,233,294,326,332,332,332,401,295,293,250,289,291,375,291,924,
972,1146,1161]} 1. c4 Nf6 2. Nf3 e6 3. g3 d5 4. b3 Be7 5. Bb2 O-O 6. Bg2 Nbd7
7. O-O c6 {Black's moves are natural, and White's moves are natural if you are
a crazy Reti player, yet this position is nowhere to be found in "The English
Opening, Volume Two" by Marin. But it appears over 500 times in my database.}
8. d3 Qc7 9. Nc3 Re8 10. Rc1 dxc4 {This gives White more center pawns than
Black, which I hoped was a strategic advantage. But unfortunately for me, the
pawns are not easily advanced, so they are not a real advantage. I should not
have been surprised, as my wife keeps telling me that hope is not a strategy.}
11. bxc4 e5 12. Qc2 ({Stockfish and Leela prefer} 12. e3 {to my move, though
they still rate the position as equal.}) 12... Bf8 (12... Nc5 $11) 13. e3 e4 $6
{After the game Lennart told me that he knew this sacrifice wasn't fully sound.
But he thought he would get some play for it, and knew that if he could
convert that play into recovering the pawn he would stand better due to his
better pawn structure. In the game he never recovered the pawn but he did
reach equality.} 14. Nxe4 (14. dxe4 {Is a little better than what I played
according to the Stockfish.}) 14... Nxe4 15. dxe4 Nc5 16. Nd4 Bg4 17. f3 Bh5
18. Nf5 Rad8 19. Rcd1 $6 {I am methodically hacking material off the board to
make my extra pawn count, but this is plan will get me into trouble. As pieces
come off the board, my soft underbelly (the squares e2, d2, e1, d1) becomes
harder to defend and Lennart's queenside majority becomes more significant.} ({
Perhaps the right plan is to keep pieces on and advance on the side of the
board where I have extra pawns.} 19. g4 Bg6 20. Bd4) 19... f6 20. Rd4 Ne6 21.
Rxd8 Rxd8 22. Rd1 $2 {Continuing my bad plan of hacking pieces.} (22. Nd4)
22... Bf7 $2 (22... Rxd1+ $1 23. Qxd1 Qa5 $11 {Though White still has an extra
pawn and his queen controls the only open file, Black's queen controls the
queenside and the soft underbelly squares on d2 and e1. Black is fully equal.})
23. Bf1 $2 (23. Nd4 $14) 23... Rd7 $2 (23... Rxd1 24. Qxd1 Qa5 $11) 24. Rxd7
Qxd7 25. e5 fxe5 26. Bxe5 g6 27. Nd4 Bc5 28. Qc3 Nxd4 29. Bxd4 Qf5 30. Bxc5 $2
{Yet more misguided piece hacking to enhance Black's queenside majority and
superior pawn structure.} (30. Kg2 Bxd4 {best says Stockfish} 31. exd4 {
improves my pawn structure.}) 30... Qxc5 31. Qd3 b5 $11 32. cxb5 cxb5 {Black's
queenside majority is rolling fast. I wondered if I was losing. Luckily
Black's kingside dark squares are sufficiently weak so his pieces can't
simultaneously defend his king and support the advance of his queenside pawns,
Stockfish says 0.00 for White's five best alternatives.} 33. a3 a5 34. Qd8+ {
White's best try to keep the game alive is to eliminate Black's queenside
majority, but his weak kingside pawn cover means that he has no legitimate
winning chances.} Kg7 35. Qxa5 Qxe3+ 36. Kg2 Bd5 37. Qc7+ Kh6 $2 (37... Bf7 $11
38. Bxb5 Qd2+ {and Black has a perpetual.}) 38. Qf4+ $1 Qxf4 39. gxf4 {I
wasn't sure if this was winning since I end up with four isolated pawns, two
of them doubled. But I hoped for the best, as I can use the principle of two
weaknesses to stretch the defense. Weakness 1 - his isolated pawn on b5 is
fixed on an attackable light square, while my isolated pawn on a3 is not
easily attacked. Weakness 2 - he must defend against me playing f4-f5 and
undoubling my pawns at a time when I can recapture after g6xf5. Lucky for me
there is no principle of four weaknesses :-)} Bc6 40. Bd3 Bd7 41. Kf2 Kh5 42.
Ke3 Kh4 43. Bf1 {As Dan Voje back in Minnesota would say, "Access Denied"} ({
But stronger is} 43. f5 gxf5 44. Kf4) 43... Bc6 44. Bg2 Bd7 45. Ke4 {My
original plan was to take my King towards his b-pawn, but I started to see
greener pastures on the kingside.} Bf5+ 46. Ke5 Bd3 47. Kf6 Be2 48. Kg7 Bd3 49.
Kh6 {a mean-spirited move.} (49. Kxh7 {allows} g5+ {but after} 50. Kg7 gxf4 51.
Kf6 Kh5 52. Bh3 {White is still winning}) 49... Bf5 50. Bf1 Bd7 51. Kxh7 g5 52.
fxg5 Kxg5 {even here I wondered if his superior king placement might allow him
to hold, but two pawns is too many.} 53. Bd3 Kf4 54. Be4 Ke3 55. h4 Kd4 56. h5
1-0

[Event "Oregon Senior Open"]
[Site "Portland"]
[Date "2022.05.15"]
[Round "4"]
[White "Nelson, James"]
[Black "Dywer, William"]
[Result "1-0"]
[WhiteElo "1680"]
[BlackElo "1798"]
[Annotator "Wilson Gibbins"]
[PlyCount "99"]
[EventDate "2022.05.13"]
[EventType "swiss"]
[EventRounds "5"]
[EventCountry "USA"]
[SourceVersionDate "2022.05.09"]

{[%evp 0,99,19,31,76,52,53,27,14,23,23,11,47,-6,9,6,13,5,31,42,30,55,39,17,46,
52,52,0,51,46,64,60,58,33,27,29,-9,-68,6,12,29,31,63,-95,22,37,27,42,30,19,31,
35,46,75,75,104,172,158,133,146,146,138,211,142,130,156,149,150,350,357,642,
303,490,561,564,405,404,424,420,428,427,452,457,367,363,382,376,397,398,432,
442,451,467,538,674,649,660,923,1128,738,1157,1185]} {This game determined 3rd
place in the tournament. Bill Dwyer had a great result in the 2021 Oregon
Senior Open, playing for the championship in the final round and gaining 98
rating points in the process. This year he proved it was no fluke, gaining a
few more rating points while facing a brutal schedule (see game one against
James Tarjan). But in this game he runs into James Nelson who through
perseverance holds off Black's dangerous queenside activity to notch the win.} 
1. d4 g6 2. Nf3 Bg7 3. g3 Nf6 4. Bg2 O-O 5. O-O d6 6. b3 c5 7. Bb2 Na6 8. Nbd2
Qc7 9. c4 Rb8 10. d5 b5 {White is doing his best to obtain a solid position,
and Black is doing his best to create dynamic chances. An immovable object vs.
irresistible force game.} 11. Ne1 Bg4 12. f3 Bd7 13. Rb1 Rb7 14. e4 bxc4 15.
Nxc4 Bb5 16. Nd3 Bxc4 17. bxc4 Rfb8 {In spite of White's best efforts to keep
the game under control, Black has reached a good Benoni position. White's
defensive task will not be easy.} 18. Qe2 Nb4 19. Bc3 Qa5 (19... Nxd3 20. Qxd3
Nd7 $17 {Black should be able to use his control of the b-file and the weak
dark squares to wreak havoc on the queenside before White can get sufficient
kingside play.}) 20. Nc1 $11 Qa4 21. Rf2 $2 (21. Rb3 $1 $14) 21... Nd7 $2 (
21... Nxe4 $1 22. fxe4 (22. Bxg7 Nxf2 23. Bh6 Nd1 $17) 22... Bxc3 $19) (21...
Ng4 $1 {is also strong.}) 22. Bxg7 Kxg7 23. f4 Na6 24. Rxb7 Rxb7 25. Nb3 Nb6 (
25... Nb4 $11) 26. Bf1 $16 {White has survived the queenside onslaught. The
counterattack in the center begins.} Nb4 27. e5 Qd7 28. a3 Na6 29. Na5 Rc7 30.
Qb2 dxe5 31. Nc6 Rxc6 {Not forced, but it is unpleasant to leave the knight on
c6, patiently waiting for the right moment to inflict damage. White is winning
even if Black does not sacrifice the exchange.} 32. dxc6 Qxc6 33. Qxe5+ Kg8 34.
Qxe7 Nc8 35. Qe5 Nd6 36. Rd2 Ne8 37. Bg2 Qe6 38. Qxe6 fxe6 39. Rd7 Nac7 40. Bc6
h6 41. Rd8 Kf7 42. Bxe8+ Nxe8 43. Rd7+ Kf6 44. Rxa7 Nd6 45. a4 Nxc4 46. a5 g5
47. fxg5+ hxg5 48. a6 Ke5 49. Rg7 Kf6 50. Rg8 1-0

[Event "Oregon Senior Open"]
[Site "Portland"]
[Date "2022.05.15"]
[Round "5"]
[White "Gatica, Jose"]
[Black "Tarjan, Jim"]
[Result "0-1"]
[WhiteElo "2104"]
[BlackElo "2458"]
[Annotator "Jim Tarjan"]
[PlyCount "90"]
[EventDate "2022.05.13"]
[EventType "swiss"]
[EventRounds "5"]
[EventCountry "USA"]
[SourceVersionDate "2022.05.09"]

{[%evp 0,71,19,31,19,0,4,4,21,24,22,20,37,11,17,23,33,8,23,10,22,4,-6,21,21,0,
2,-9,1,-8,-6,-11,-11,-19,7,13,6,-3,-3,-14,-1,-20,-20,-18,-20,-18,-4,0,3,-15,-6,
-5,-15,-20,-19,-16,-20,-15,-22,-37,-40,-33,-30,-40,-39,-41,-36,-50,-32,-28,-4,
-17,-26,-74] This last round game was for me in part an attempt to answer a
question on my mind for a long time. Playing Black against 1.d4, is it
possible, or sensible, to play for a win with the solid, old school Queens
Gambit Declined that I have studied, and often use against strong players? Or
is White's position simply too solid for Black to create any sort of real
winning chances? By way of contrast, one might note that my prior game with
Black in this event began 1.d4 f5 2.Bg5 g6 3.Nc3 Nh6.  There are many Black
wins in the QGD, even against the strongest opposition, by such as Short,
Vaganian, Beliavsky, Geller. And now I see Andrew Tang among many others
playing his same solid openings against all levels of players, including the
QGD.  Perhaps this entire concept of "sharp, double-edged" Black openings vs.
"solid, drawish" Black openings is a thing of the past? Players are so much
better prepared in the openings now, and, regardless of the opening, things
often come down to a close-to-equal endgame that one manages to win, or not.} 
1. d4 d5 2. c4 e6 3. Nc3 Be7 4. Nf3 Nf6 5. Bg5 h6 6. Bh4 O-O 7. e3 b6 8. Bd3
Bb7 9. O-O Nbd7 10. Rc1 (10. Qe2 {as Novikov, a lifelong specialist on the
White side, played against me in the US Senior}) (10. Bg3) 10... c5 11. cxd5
Nxd5 12. Bg3 Nxc3 {The third most popular choice in this position.} ({at
Gronigen 1993 Beliavsky played} 12... cxd4 {and eventually won the game --
against Yermolinsky!}) (12... N7f6 {is logical}) 13. bxc3 {Now the results,
and the computer, start to slightly favor White, with the pawn center. But, I
was thinking, at least I have permanently unbalanced the pawn structure. A
draw by attrition that much farther away...} Nf6 14. Qe2 Qd5 15. Bc4 Qc6 (15...
Qh5 $5) 16. Ba6 (16. Bb5 {I was thinking to avoid the repetition by} Qc8 ({
Probably I need to go back} 16... Qd5 {and then to h5}) {but the computer
rightly does not think much of it} 17. Ne5 $14) 16... Bxa6 17. Qxa6 Qc8 {
This reflects my understanding of the position, for better or worse: if Black
is going to win this, it will be in an endgame.} 18. Qe2 Qb7 19. Nd2 (19. Bh4)
19... Rac8 20. Rfd1 Rfd8 21. Be5 Nd7 22. Bg3 Nb8 {Overly elaborate} (22... b5)
23. Nf3 Nc6 24. Ne5 Nxe5 25. Bxe5 Qc6 ({On} 25... Bd6 {right away} {I was
unhappy with} 26. Bxd6 Rxd6 27. dxc5 Rxd1+ 28. Rxd1 Rxc5 29. Rd8+ Kh7 30. Qd3+
f5) 26. Qb2 {passive} (26. Qg4) 26... Bd6 27. Bxd6 Rxd6 {So here we are. For
the first time in the game, I was content with my prospects. Though, even so,
a long way away from victory.} 28. h3 Rd7 29. Rb1 cxd4 30. cxd4 Rdc7 31. Rd2 {
I got this far, but now...how to play? I couldn't figure it out and made a few
random moves. Should Black trade queens, and if possible a pair of rooks as
well, to a position with White's rook tied down to an a pawn (or b pawn, if a
trade of queens on b3)? Then bring the king to the center, push the queenside
majority, and win?? Or keep all the major pieces on, just to make it
complicated?  It seems my shuffling back and forth for a couple of moves did
not diminish my chances, at least in practice.} Qd5 (31... Qe4) (31... Qa4) 32.
Rbd1 Rc3 33. Re2 ({One thing for sure: White cannot wait forever; at some
point, preferably soon, he needs to push his central majority, and make a
passed pawn of his own, or at least some rook activity.} 33. Qb1) 33... Qc4 34.
Red2 ({Here if} 34. e4 Rc2) 34... Qa4 35. d5 {The first choice of my computer;
but as is sometimes the case with computer moves, when one looks at the
details, one wonders whether in practical terms it was in fact a mistake.} Rc2
36. Qa1 $2 {His first clear error of the game.} ({The computer claims equality
with} 36. Qb3 Qxb3 37. axb3 exd5 (37... Rxd2 38. Rxd2 exd5 39. Rxd5 $11) 38.
Rxd5 Rb2 39. Rd8+ Rxd8 40. Rxd8+ Kh7 41. Rd7 a5 {But this is at a minimum
scary for White: I saw this position at the board and wondered about the two
passed pawns} 42. Rxf7 (42. Rd3 Kg6 $15) 42... Rxb3 43. Ra7 {the computer
blithely claims equality; maybe so, but I would not want to go here
voluntarily as White.}) 36... exd5 {Now White is losing a pawn, without clear
compensation. Whatever he had planned or calculated, it is not there.} 37. Rxd5
Qxa2 38. Rd8+ Rxd8 39. Rxd8+ Kh7 40. Qd4 Qb1+ 41. Kh2 Rxf2 {Now suddenly
completely over: two pawns down, and White's king more exposed than Black's.}
42. Rd7 Qg6 43. Qd5 a5 44. Rd6 Rxg2+ 45. Qxg2 Qxd6+ 0-1

[Event "Oregon Senior Playoff"]
[Site "Portland"]
[Date "2022.06.06"]
[Round "1"]
[White "Tarjan, Jim"]
[Black "Gibbins, Wilson"]
[Result "1-0"]
[WhiteElo "2458"]
[BlackElo "2215"]
[Annotator "Jim Tarjan"]
[PlyCount "59"]
[EventDate "2022.06.06"]
[EventType "match"]
[EventRounds "2"]
[EventCountry "USA"]
[SourceVersionDate "2022.05.09"]

{[%evp 0,59,19,38,43,18,28,11,-4,-1,-6,13,-9,-2,7,7,-3,-10,33,16,26,18,1,-4,
-10,-10,42,41,29,-15,-29,-28,-2,-20,-23,-34,-46,-113,-111,-111,-64,-68,35,14,
12,25,26,27,78,18,201,65,139,94,321,383,391,442,442,436,407,412]} 1. e4 e6 {
WG - I had three weeks to prepare for this game, so I had good intentions
about making the most of my opportunity to play a Grandmaster. In reality, I
didn't start preparing until the day before it was played. My guidelines were 
(1) try to avoid his preparation by playing something that he wouldn't expect 
(probably a mistake), (2) play something that I had at least studied before -
so no Petroffs or Berlins, (3) avoid memorizing any long forcing lines that I
would forget immediately after the game, to maximize the chance of  some
lasting value from the effort.} 2. d4 d5 3. e5 {WG - One of the reasons I
chose the French is that I had noticed Jim played the Advance Variation. I
figured Black must have an easy to route to equality in the Advance French.} c5
4. c3 Nc6 5. Nf3 Bd7 6. Be2 Nge7 7. O-O Ng6 8. g3 (8. Na3 {JT- Tarjan vs. L.
Ming Redmond 2022}) 8... f6 ({WG - I was working from the book "Playing the
French" by Aagaard & Ntirlis, who recommended} 8... Be7 9. h4 cxd4 10. cxd4 O-O
11. h5 Nh8 {WG - with the idea of unwinding with ...f7-f6 and Nh8-f7. But when
I actually started looking at this position with Chessbase at 11:00pm the
night before, I noticed that Stockfish shows a clear edge for White, and the
game statistics concur. At this point it dawned on me that perhaps there was
no easy route to equality for Black in the Advance variation of the French.
But I noticed Rapport had won a rapid game against Shevchenko in 2022 with 8...
f6, so I decided to give it a try if this position came up. But I could not
absorb all the nuances in the small amount of prep time I had remaining.}) 9.
exf6 Qxf6 10. Bg5 ({JT - In this position Jones recommends instead} 10. Be3 $5
cxd4 11. Nxd4 {JT - He has some tactical reasons in mind as to why he prefers
Black's queen on f6 rather than f7.} {His main line of analysis goes:} Bd6 12.
Nb5 Bb8 13. Nd2 (13. c4 $5 a6 14. cxd5 exd5 {JT - and White is already
practically forced to sacrifice a piece, which should be playable actually:}
15. N1c3 {Shevkenko vs. Rapport, 2022: 0-1 eventually}) 13... a6 (13... O-O 14.
Ne4 $1 {JT - One of the reasons Jones wants Black's queen on f6} Qd8 15. Nc5
Bc8 16. Nd4 $14 {Jones}) 14. Nd4 e5 15. Nxc6 bxc6 (15... Bxc6 16. Bc5 Ba7 17.
Bxa7 Rxa7 18. c4 $14 {Jones}) 16. c4 {JT - and Jones claims a slight edge} ({
the only game so far:} 16. Bc5 Ba7 {JT - Nasuta vs. Piorun 2022: 0-1
eventually; so the score so far for Jones' analysis is 0-2, though both White
players varied from his exact line})) 10... Qf7 11. h4 ({JT - Looking at it
now I would play} 11. Be3 cxd4 12. cxd4 {intending Ng5 and f4}) 11... Bd6 12.
Na3 ({JT -} 12. Be3 $5) 12... cxd4 (12... a6 $5) 13. Nb5 Bb8 14. cxd4 ({JT -} 
14. Nbxd4 $5) 14... O-O $11 {JT - White has accomplished nothing in the last
few moves} 15. Rc1 ({JT -} 15. Be3) 15... a6 16. Nc3 b5 {WG - I was pleased to
gain some space and prevent the White knight from invading on c5 or b6.} ({
WG - but} 16... h6 {is a little safer, discouraging White knights from hitting
the g5 square. I didn't want to weaken the g6 square and the b1-h7 diagonal,
but defending the g5 square is often more important. Skip ahead to move 27 if
you want to see why.}) 17. h5 $2 ({JT -} 17. Be3 $1 Nge7 (17... h6 18. h5 Nge7
19. Nh4 {and for example} Ba7 20. Bg4 Qf6 21. Ne2) 18. Ng5 Qf6 19. Bd3 Nf5 20.
Ne2 {close to equal}) 17... Nge7 18. Nh4 Ba7 $17 {JT - Black has not had to
stop for ...h6, and the extra tempo renders White's position very doubtful} 19.
Be3 ({WG - Stockfish suggests} 19. Bg4 Bxd4 20. Bxe7 Qxe7 21. Nf3 {WG - but I
don't think many players would choose these artificial moves just to drop the
d-pawn.}) 19... e5 $6 {WG - This move identifies me as a Sicilian player, not
a French player. French players would automatically look to attack White's
isolated d-pawn (see Jim's notes below). Sicilian players look for central
pawn breaks when White decentralizes his pieces.} ({JT -} 19... Qf6 $1 {
is strong, and simple: Black is piling up on the d pawn} 20. Nf3 Nf5 $17) 20.
dxe5 Nxe5 $2 {JT- but the two tactical lines are indeed very complicated and
difficult, and not better for Black in a clearcut way} (20... Bh3 21. Bxa7 Bxf1
22. Bc5 Bxe2 23. Qxe2 {JT - My computer finds resources for White, and says
the game is equal} Rad8 (23... d4 24. Ne4 Qxa2 $2 25. Bxe7 Nxe7 26. Qg4 $18) (
23... Qe6 24. f4 $11) 24. h6 $1 $11) (20... d4 21. Bf4 dxc3 $1 (21... Bh3 22.
Ne4 Bxf1 23. Bxf1 $16 {JT - clear advantage to White according to my Deep Fritz
}) 22. Qxd7 Rad8 $1 {developing} 23. Qb7 (23. Qg4 cxb2 24. e6 (24. Rb1 Qxa2 $17
) 24... Qf6 25. Rb1 {JT - The computer prefers Black in this position, but all
is far from obvious}) 23... cxb2 24. Rxc6 Nxc6 25. Qxc6 Qxa2 26. Bg4 $1 {
JT - enormous complications} Bxf2+ $1 27. Kg2 $1 Kh8 $1 28. Rxf2 b1=Q 29. Rxa2
Qxa2+ 30. Kh3 $15 {JT - "Black is slightly better" says the oracle!}) ({JT -} 
20... Bxe3 $1 21. fxe3 Qe6 $15 22. Bf3 Qxe5 23. Bxd5+ Kh8 24. Bg2 Qxe3+ 25. Kh2
) 21. Bxa7 Rxa7 22. f4 $14 {WG - White is now in control.} N5c6 ({JT -} 22...
Nc4 23. Qd4 $1 Nc6 24. Qc5 $5 (24. Qxd5 Qxd5 25. Nxd5 Nxb2 $14) 24... Nxb2 25.
Nf3 $1 $14) 23. Bf3 d4 $2 {WG - gives White's knight access to the e4 square
followed by the g5 square.} (23... Be6 $2 24. f5 $1 Nxf5 $2 25. Bxd5 Nce7 26.
Nxf5 Nxf5 27. g4 $18) (23... Rd8 $16) 24. Ne4 Rc7 $2 (24... Qxa2 25. b3 $14 (
25. Rf2 $14)) 25. a3 $6 {JT - an unnecessary precaution, though apparently it
does not spoil White's advantage.} (25. Ng5 Qf6 (25... Qxa2 26. Qd3 $18) 26.
Be4 $1 Nf5 (26... Bf5 27. Nxf5 Nxf5 28. Qf3 $1 $18 Rfc8 29. Rxc6 Rxc6 30. Bxc6
Qxc6 31. Qb3+ Qc4 32. Rc1 $1) 27. Nxf5 Bxf5 28. Qf3 $1 $18) 25... Kh8 {JT -
not a good move, though the more the computer thinks about the position, the
more lost for Black it finds it, regardless of what move is played here.} ({
JT -} 25... h6 26. Re1) 26. Re1 Rd8 27. Ng5 Qf6 28. Qd3 g6 29. hxg6 Nxg6 30.
Bxc6 1-0